Barbi-ruivo (Registo nº 952)

Detalhes MARC
000 -Etiqueta do registo
Cabeçalho 00668nam0a2200241 4500
005 - Identificador da versão
Campo de controlo 20240822164204.0
010 ## - Número internacional normalizado dos livros (ISBN)
Número (ISBN) 9789722034999
021 ## - Número do Depósito Legal
Código do país PT
Número 266579/07
100 ## - Dados gerais de processamento
Dados gerais de processamento 20150710d2007 d y0pory5003 ba
101 0# - Língua de publicação
Língua do texto, banda sonora, etc. Português
102 ## - Pais de publicação ou produção
País de publicação Portugal
200 1# - Titulo e menção de responsabilidade
Título próprio Barbi-ruivo
Informação de outro título O meu primeiro Camões
Primeira menção de responsabilidade Manuel Alegre
Outras menções de responsabilidade il. André Letria
205 ## - Menção da edição
Menção da edição 1ª ed.
210 ## - Publicação, Distribuição, etc. 
Lugar da edição, distribuição, etc. Lisboa
Nome do editor, distribuidor, etc. Dom Quixote
Data da publicação, distribuição, etc. 2007
215 ## - Descrição física 
Indicação específica da natureza do documento e extensão da espécie 73 p.
Outras indicações físicas il. color.
606 ## - Nome comum usado como assunto
Número de registo de entrada de autoridade 0002007
Palavra de ordem Literatura portuguesa
Subdivisão de assunto Poesia
Código do sistema CA
675 ## - Classificação Decimal Universal (CDU)
Notação 821.134.3-1
Edição 3ª ed.
Língua da edição por
700 #1 - Nome de autor-pessoa física (responsabilidade principal)
Número de registo de entrada de autoridade 0001369
Palavra de ordem Alegre
Outra parte do nome não tomada para palavra de ordem Manuel
Datas 1936-
702 #1 - Nome de autor-pessoa física (responsabilidade secundária)
Número de registo de entrada de autoridade 0001097
Palavra de ordem Letria
Outra parte do nome não tomada para palavra de ordem André
Código de função Ilustrador / Técnico de desenho computorizado
942 ## - Elementos de entrada adicionados (Koha)
Tipo de item no Koha Livro
966 ## - Identificação da Biblioteca
Sigla EB2,3ENM
Exemplares
Situação do levantamento Origin of item (home branch) (coded) Biblioteca de empréstimo Código de barras Cota Circulation type (not for loan) Tipo de documento Nota do exemplar Damaged status
  Biblioteca Escolar Eng. Nuno Mergulhão Biblioteca Escolar Eng. Nuno Mergulhão BENM1699 82LP-1 ALE   Livro Sem mensagem  
  Biblioteca Escolar Eng. Nuno Mergulhão Biblioteca Escolar Eng. Nuno Mergulhão BENM3283 82LP-1 ALE   Livro Sem mensagem